Quizzes
Events
Quiz Creation
Community
Videos
Private Events
Remove Ads
Sign In
Join for FREE
Feedback
Dark Mode
Quiz Categories
Sports
Geography
Music
Movies
Television
Just For Fun
Miscellaneous
History
Literature
Language
Science
Gaming
Entertainment
Religion
Holiday
For Kids
Quiz Lab
Recent
Popular Today
Quiz Kudos Today
Editor Picks
Curator Picks
Quizzes by...
Day
Popularity
Type
Ratings
Length
Year
Community
Subscriptions
Recent Discussions
Orange Saloon
Badges
Playlists
Quests
Create
Leaderboards
Showdown
Live 5
Trivia Bingo
Activity
Puzzle Library
Sporcle Events
Private Events
Virtual Trivia
Globe League
Become a Host
Pub Owners
SporcleCon
Opinionation
Our Games
Videos
Blog
Mobile Apps
Partnerships
Remove Ads and Go Orange
Feedback
Sports
Athletes
MLB
NBA
NHL
NFL
Soccer
Sports Teams
WWE
NCAA
Football
Premier League
Basketball
Baseball
Hockey
Golf
Tennis
Cricket
Rugby
Auto Racing
Olympics
World Cup
Sports
Athletes
MLB
NBA
NHL
NFL
Soccer
Sports Teams
WWE
NCAA
Football
Premier League
Basketball
Baseball
Hockey
Golf
Tennis
Cricket
Rugby
Auto Racing
Olympics
World Cup
Random Quiz
Search Sporcle
×
Quiz Lab
Quiz Lab
Sports
Basketball
Type in answers that appear in a list
Type in answers that appear in a list
Classic
Best Score? Go Orange.
Alliterative NBA Players Stats
Can you name the current(12/13) alliterative NBA players?
By
EdwardNigma
6m
28 Questions
101 Plays
101 Plays
101 Plays
Comments
Comments
Give Quiz Kudos
Give Quiz Kudos
-
- Ratings
hide this ad
More Info
Replay
Link that replays current quiz
Next Quiz
Link to next quiz in quiz playlist
You Got
0%
They Got
Avg Score
37%
Avg Friend Score
Upgrade to see
Score Distribution
Jump to the score distribution portion of the page
Score
0/28
Timer
06:00
0
Plays Today
Letter/Team
Player
% Correct
P -
Boston Celtics
Paul Pierce
77.2%
J -
Brooklyn Nets
Joe Johnson
71.3%
B -
Washington Wizards
Bradley Beal
62.4%
K -
Atlanta Hawks
Kyle Korver
60.4%
B -
Boston Celtics
Brandon Bass
53.5%
T -
Cleveland Cavaliers
Tristan Thompson
52.5%
M -
Phoenix Suns
Marcus Morris
52.5%
M -
Miami Heat
Mike Miller
51.5%
D -
Toronto Raptors
DeMar DeRozan
51.5%
J -
Miami Heat
James Jones
50.5%
M -
Phoenix Suns
Markieff Morris
50.5%
T -
Charlotte Bobcats
Tyrus Thomas
40.6%
B -
Charlotte Bobcats
Bismack Biyombo
39.6%
J -
Detroit Pistons
Jonas Jerebko
34.7%
Letter/Team
Player
% Correct
P -
New York Knicks
Pablo Prigioni
33.7%
J -
Golden State Warriors
Jarret Jack
31.7%
C -
New York Knicks
Chris Copeland
31.7%
A -
Orlando Magic
Arron Afflalo
31.7%
G -
Indiana Pacers
Gerald Green
24.8%
A -
New Orleans Hornets
Al-Farouq Aminu
22.8%
A -
Toronto Raptors
Alan Anderson
22.8%
J -
Sacramento Kings
James Johnson
21.8%
P -
Sacramento Kings
Patrick Patterson
20.8%
K -
Denver Nuggets
Kosta Koufos
19.4%
J -
Atlanta Hawks
John Jenkins
15.8%
H -
Phoenix Suns
Hamed Haddadi
13.9%
D -
Charlotte Bobcats
DeSagana Diop
11.9%
J -
Portland Trail Blazers
Jared Jeffries
7.9%
Quiz Playlist
Details
Report
Send in Message
Add To Playlist
More Info:
Name the player on the team whose first and last name begin with the letter given.
Classic:
Type in answers that appear in a list
Last Updated: Feb 16, 2017
Quiz Scoreboard
CHALLENGE
Sign Up to Join the Scoreboard
Show All
Scores
Hide
Comments
May contain spoilers
Recently Published
Popular People in 1961
by mucciniale
History
6m
1-10 Letter E Words III
by El_Dandy
Language
2m
One Thing in Common: World Cities II
by knightlancer
Geography
7m
More to Explore
Quiz From the Vault
Featured Blog Post
Where Did the Easter Bunny Come From?
hide this ad
You Might Also Like...
Tags
Basketball Quiz
NBA Quiz
Alliteration
Today's Top Quizzes in Sports
Browse Sports
hide this ad
Today's Top Quizzes in Basketball
Browse Basketball
Top Contributed Quizzes in Sports
1
Les meilleurs buteurs des matchs entre le PSG et l’OM
2
Les entraîneurs de l'OM et du PSG au 21e siècle
3
FIFA Club World Cup Champions
4
2022 World Cup Stars
5
Name the Premier League winners with different clubs
6
La finale Lions - Afrique du Sud 2021
7
Criteria MLB: Left Handed Sluggers
8
Players with Multiple 50 Home Run Seasons
9
MLB Players with Two .350 Batting Average Seasons
10
MLB Hall of Famer by Rings
Explore More
Trending Topics
Disney
Kpop
Harry Potter
Crossword
NBA
Anime
Marvel
Pokémon
The Office
WWE
Puzzle
Song
Country
NFL
Soccer
hide this ad
More By:
EdwardNigma
Quiz
Plays
Rating
Category
Featured
Created
Cityless Sports Teams
543
2.23
Sports
Apr 5, 2013
Big or Lil Rapper
322
4.50
Music
Mar 16, 2013
Cryptid by State
280
3.50
Science
Mar 16, 2013
Red Auerbach Award Winners
167
Sports
Apr 8, 2013
Alliterative NBA Players
101
5.00
Sports
Mar 16, 2013
Go to Creator's Profile
Score Distribution
Quiz Creator Spotlight
EdwardNigma
Follow
Send a Message
Quizzes Created
-
Created Quiz Play Count
-
More By This Creator
Popular Quizzes Today
1
Find the US States - No Outlines Minefield
2
Find the Countries of Europe - No Outlines Minefield
3
The Countries of the World
4
Popular People in 1961
5
1-10 Letter E Words III
6
Find the US States
7
One Thing in Common: World Cities II
8
US States
More Sports Quizzes
Sports Criteria - English Premier League Goalies II
Quiz Lab
Trending Quizzes
Risky Map Clicking: Least Populous States A-Z
1-10 Letter F Words
1-10 Letter G Words
One Thing in Common: United Kingdom
Risky Map Clicking: Next State Alphabetically
Recently Updated
Leaping Animals
pecheneg
Reality TV Shows (A-Z)
bhenderson79
Rickey Henderson's Hall of Fame Teammates
pecheneg
Champions League XIs: Arsenal
pecheneg
Quick Pick: Celebrities in WWE's Hall of Fame
aduchscher
A-Z Keypad Blitz II
pecheneg
Multiple Oscar Actors
pecheneg
Mystery Phrase Blitz: Oscar 'Best Actors'
pecheneg
F. Scott Fitzgerald Novels
LTH
Pick 3 Villains
ddd62291
Trending Topics
Marvel
Anime
Disney
NBA
Kpop
Harry Potter
Crossword
Song
Pokémon
The Office
Puzzle
Soccer
Country
WWE
NFL
Your Account Isn't Verified!
In order to create a playlist on Sporcle, you need to verify the email address you used during registration. Go to your
Sporcle Settings
to finish the process.
Report this User
Report this user for behavior that violates our
Community Guidelines
.
Details:
Send Report
Go to the Sporcle.com Mobile Site →
Comments